the vampire diaries characters - Statistics

General Stats
  • This quiz has been taken 357 times
  • The average score is 22 of 35
Answer Stats
surname of actor first name of character % Correct
Dobrev Elena
100%
Graham Bonnie
98%
King Caroline
96%
Roerig Matt
96%
Wesley Stefan
96%
Somerhalder Damon
95%
McQueen Jeremy
94%
Dobrev (doppelganger) Katherine
94%
Trevino Tyler
92%
Davis alaric
91%
Gillies Elijah
90%
Holt Rebekah
88%
Morgan Niklaus
81%
Canning Jenna
80%
Tonkin Hayley
75%
Ewell Vicki
69%
O'keefe Jo
68%
Wood Kai
64%
Jow Anna
62%
MCintyre liz
60%
hu Pearl
53%
Anders John
50%
Mitchell Liv
48%
guy( bonnie grandparent) Grams
45%
Brochu Luke
45%
Kirschner Isobel
43%
Wierschung Lily
39%
Roche Mikael
38%
Kinney Mason
35%
Cohan Rose
30%
Phipps April
23%
Blackmore valerie
20%
Cosnett Wes
20%
Sipos Aaron
19%
Kelley Sybill
5%
No matching quizzes found
Score Distribution
Percent of People with Each Score
Percentile by Number Answered
Your Score History
You have not taken this quiz